| 000 | 00555cam a2200205ua 4500 | ||
|---|---|---|---|
| 001 | 153 | ||
| 008 | 110411n ii |||gr||||Z||||||eng | ||
| 020 | _a978-0-07-066909-3 | ||
| 020 | _a0-07-066909-0 | ||
| 040 | _cMAIN | ||
| 082 | _a005 | ||
| 245 | 1 | 0 |
_aComputing fundamentals & c programming. _cBy E Balagurusamy. |
| 250 | _a1st. | ||
| 260 |
_aNew Delhi.: _bMcgraw hill., _c2010. |
||
| 300 |
_ax, 508 p.: _bill.; _c20 cm. |
||
| 653 | _aComputer science. | ||
| 653 | _aComputing fundamentals & c programming. | ||
| 700 | 1 | _aBalagurusamy, E., | |
| 942 | _cBK | ||
| 999 |
_c141 _d141 |
||